<?xml version="1.0" encoding="UTF-8"?>
<collection xmlns="http://www.loc.gov/MARC21/slim">
<record>
  <controlfield tag="001">141527</controlfield>
  <controlfield tag="005">20240722085411.0</controlfield>
  <datafield tag="024" ind1="7" ind2=" ">
    <subfield code="2">ISSN</subfield>
    <subfield code="a">0022-4812</subfield>
  </datafield>
  <datafield tag="024" ind1="7" ind2=" ">
    <subfield code="2">WOS</subfield>
    <subfield code="a">WOS:000085131300025</subfield>
  </datafield>
  <datafield tag="024" ind1="7" ind2=" ">
    <subfield code="2">DOI</subfield>
    <subfield code="a">10.2307/2586808</subfield>
  </datafield>
  <datafield tag="024" ind1="7" ind2=" ">
    <subfield code="2">HSB</subfield>
    <subfield code="a">alm00043596x</subfield>
  </datafield>
  <datafield tag="024" ind1="7" ind2=" ">
    <subfield code="2">SCOPUS</subfield>
    <subfield code="a">SCOPUS:2-s2.0-0039064922</subfield>
  </datafield>
  <datafield tag="037" ind1=" " ind2=" ">
    <subfield code="a">RWTH-CONV-021654</subfield>
  </datafield>
  <datafield tag="041" ind1=" " ind2=" ">
    <subfield code="a">English</subfield>
  </datafield>
  <datafield tag="100" ind1="1" ind2=" ">
    <subfield code="0">P:(DE-82)IDM00039</subfield>
    <subfield code="a">Grädel, Erich</subfield>
    <subfield code="b">0</subfield>
    <subfield code="e">Author</subfield>
    <subfield code="u">rwth</subfield>
  </datafield>
  <datafield tag="245" ind1=" " ind2=" ">
    <subfield code="a">On the restraining power of guards</subfield>
    <subfield code="h">online, print</subfield>
  </datafield>
  <datafield tag="260" ind1=" " ind2=" ">
    <subfield code="a">Champaign, Ill.</subfield>
    <subfield code="b">Association for Symbolic Logic</subfield>
    <subfield code="c">1999</subfield>
  </datafield>
  <datafield tag="336" ind1="7" ind2=" ">
    <subfield code="0">PUB:(DE-HGF)16</subfield>
    <subfield code="2">PUB:(DE-HGF)</subfield>
    <subfield code="a">Journal Article</subfield>
    <subfield code="b">journal</subfield>
    <subfield code="m">journal</subfield>
  </datafield>
  <datafield tag="336" ind1="7" ind2=" ">
    <subfield code="2">DataCite</subfield>
    <subfield code="a">Output Types/Journal article</subfield>
  </datafield>
  <datafield tag="336" ind1="7" ind2=" ">
    <subfield code="0">0</subfield>
    <subfield code="2">EndNote</subfield>
    <subfield code="a">Journal Article</subfield>
  </datafield>
  <datafield tag="336" ind1="7" ind2=" ">
    <subfield code="2">BibTeX</subfield>
    <subfield code="a">ARTICLE</subfield>
  </datafield>
  <datafield tag="336" ind1="7" ind2=" ">
    <subfield code="2">ORCID</subfield>
    <subfield code="a">JOURNAL_ARTICLE</subfield>
  </datafield>
  <datafield tag="336" ind1="7" ind2=" ">
    <subfield code="2">DRIVER</subfield>
    <subfield code="a">article</subfield>
  </datafield>
  <datafield tag="591" ind1=" " ind2=" ">
    <subfield code="a">Germany</subfield>
  </datafield>
  <datafield tag="773" ind1=" " ind2=" ">
    <subfield code="0">PERI:(DE-600)2010607-5</subfield>
    <subfield code="a">10.2307/2586808</subfield>
    <subfield code="p">1719-1742</subfield>
    <subfield code="t">The journal of symbolic logic</subfield>
    <subfield code="v">64</subfield>
    <subfield code="x">0022-4812</subfield>
  </datafield>
  <datafield tag="909" ind1="C" ind2="O">
    <subfield code="o">oai:publications.rwth-aachen.de:141527</subfield>
    <subfield code="p">VDB</subfield>
  </datafield>
  <datafield tag="915" ind1="1" ind2=" ">
    <subfield code="0">StatID:(DE-HGF)0031</subfield>
    <subfield code="2">StatID</subfield>
    <subfield code="a">Peer reviewed article</subfield>
  </datafield>
  <datafield tag="920" ind1="1" ind2=" ">
    <subfield code="0">I:(DE-82)117220_20140620</subfield>
    <subfield code="k">117220</subfield>
    <subfield code="l">Lehr- und Forschungsgebiet Mathematische Grundlagen der Informatik</subfield>
    <subfield code="x">0</subfield>
  </datafield>
  <datafield tag="920" ind1="1" ind2=" ">
    <subfield code="0">I:(DE-82)110000_20140620</subfield>
    <subfield code="k">110000</subfield>
    <subfield code="l">Fachgruppe Mathematik</subfield>
    <subfield code="x">1</subfield>
  </datafield>
  <datafield tag="970" ind1=" " ind2=" ">
    <subfield code="a">alm00043596x</subfield>
  </datafield>
  <datafield tag="980" ind1=" " ind2=" ">
    <subfield code="a">journal</subfield>
  </datafield>
  <datafield tag="980" ind1=" " ind2=" ">
    <subfield code="a">I:(DE-82)117220_20140620</subfield>
  </datafield>
  <datafield tag="980" ind1=" " ind2=" ">
    <subfield code="a">I:(DE-82)110000_20140620</subfield>
  </datafield>
  <datafield tag="980" ind1=" " ind2=" ">
    <subfield code="a">VDB</subfield>
  </datafield>
  <datafield tag="980" ind1=" " ind2=" ">
    <subfield code="a">UNRESTRICTED</subfield>
  </datafield>
  <datafield tag="980" ind1=" " ind2=" ">
    <subfield code="a">ConvertedRecord</subfield>
  </datafield>
</record>
</collection>